Sports Quiz

Random Sports Quiz
Score 0/28 Timer 07:00
0 Plays Today
Position Player % Correct
GoalkeeperOfir Marciano
98.6%
DefenderDavid Gray
95.7%
DefenderPaul Hanlon
95.7%
DefenderLewis Stevenson
95.7%
DefenderDarren McGregor
92.8%
StrikerChristian Doidge
91.3%
MidfielderMartin Boyle
91.3%
MidfielderScott Allan
89.9%
GoalkeeperAdam Bogdan
89.9%
MidfielderVykintas Slivka
85.5%
DefenderRyan Porteous
85.5%
MidfielderStephane Omeonga
85.5%
DefenderSteven Whittaker
82.6%
StrikerMarc McNulty
82.6%
Position Player % Correct
StrikerJamie Gullan
82.6%
MidfielderGreg Docherty
81.2%
MidfielderStevie Mallan
79.7%
DefenderAdam Jackson
78.3%
StrikerFlorian Kamberi
78.3%
DefenderPaul Mcginn
76.8%
MidfielderDaryl Horgan
76.8%
MidfielderJoe Newell
76.8%
DefenderTom James
72.5%
MidfielderFraser Murray
68.1%
DefenderJason Naismith
63.8%
MidfielderMelker Hallberg
56.5%
GoalkeeperChris Maxwell
49.3%
StrikerOli Shaw
42.9%
Remove Ads.
Support Sporcle.
Get the best of Sporcle when you Go Orange. This ad-free experience offers more features, more stats, and more fun while also helping to support Sporcle. Thank you for becoming a member.

You're not logged in!

Compare scores with friends on all Sporcle quizzes.
OR
Log In

Sporcle TV

Today on Sporcle TV


Watch our educational content, quiz creation guides, and fun videos on Sporcle TV.

Show Comments

Extras

Created Feb 20, 2020ReportNominate
Tags:hib, jack, ross, Under

Top Quizzes Today


Score Distribution

Paid Content

Your Account Isn't Verified!

In order to create a playlist on Sporcle, you need to verify the email address you used during registration. Go to your Sporcle Settings to finish the process.

Report this User

Report this user for behavior that violates our Community Guidelines.

Details: